| 000 | 00786nam a22002297a 4500 | ||
|---|---|---|---|
| 003 | 0 | ||
| 005 | 20250129102635.0 | ||
| 008 | 150923b xxu||||| |||| 00| 0 eng d | ||
| 050 |
_aPGS S 667 _b.H663 2015 |
||
| 100 | _aHinlo, Patrick John V. | ||
| 245 |
_aThe use of organic mixtures as fertilizer / _cPatrick John V. Hinlo. |
||
| 260 |
_aLas PiƱas City, Philippines : _bSouthville International School and Colleges, _c2015 |
||
| 300 |
_a18 p. : _bill. ; _c28 cm. _fPASS |
||
| 504 | _aIncludes bibliographical references. | ||
| 650 |
_2Library of Congress Subject Headings _aOrganic fertilizers. |
||
| 650 | _aCompost. | ||
| 650 | _aSoil amendments. | ||
| 650 | _aSoil management. | ||
| 650 | _aSawdust as fertilizer. | ||
| 650 | _aSustainable agriculture. | ||
| 942 |
_2lcc _cPASS |
||
| 999 |
_c288716 _d288716 |
||